| 000 | 00000nas##2200000za#4500 |
| 001 | 9.514243 |
| 003 | CaOODSP |
| 005 | 20210615082843 |
| 007 | ta |
| 008 | 150406c1995||||xxc|| p #||||f| |0eng|d |
| 040 | |aCaOODSP|beng |
| 043 | |an-cn--- |
| 086 | 1 |aF12-6E |
| 110 | 1 |aCanada. |bDepartment of Finance. |
| 245 | 10|aGovernment of Canada securities |
| 260 | |aOttawa - Ontario : |bFinance Canada |
| 310 | |aQuarterly |
| 500 | |aThree or four times a year; Quarterly since 2004. |
| 520 | 3 |aThis quarterly newsletter describes the federal government’s debt program and recent developments in fixed-income markets and the economy. Data are presented in graphs and tables and include selected Canadian economic statistics. |
| 563 | |aPamphlet |
| 775 | 08|tTitres du gouvernement du Canada |w(CaOODSP)9.512671 |
| 776 | 0#|tGovernment of Canada securities |w(CaOODSP)9.505024 |